000 00999nas a2200313 4500
001 BR0603703
003 BR-BrBNA
005 20231205110250.0
007 ta
008 230509b bl.|||p| |||| 00| 00por d
040 _aBR-BrBNA
_bpor
_cBiblioteca Nacional de Agricultura
041 _a(Pt)
072 _aL51
100 1 _aCarvalho, S.
100 1 _aRodrigues, M.T.
100 1 _aBranco, R.H.
100 1 _aRodrigues, C.A.F.
245 1 _aComportamento ingestivo de cabras alpinas em lactação alimentadas com dietas contendo diferentes níveis de fibra em detergente neutro proveniente de forragem
650 _aCABRA
650 _aFORRAGEM
650 _aDIETA
650 _aINGESTÃO
650 _aLACTAÇÃO
650 _aCOMPORTAMENTO ANIMAL
650 _aCOMPOSIÇÃO DE ALIMENTO
773 0 _tRevista Brasileira de Zootecnia (Brazil)
_xISSN 1516-3598
_g(Mar-Apr 2006), v. 35(2) p. 562-568
_wBR0603703
909 _a202311
_bLúcia
_c55
_dLúcia Elande
942 _2AGRIS
_n0
_cANA
999 _c186744
_d186744